Kojima's theory of Japanese foreign direct investment revisited.

Podstata Kojimovej teórie priamych zahraničných investícií v protiklade s teóriou internacionalizácie trhu a konkurenčným správaním sa monopolných podnikov. Interakcia medzi rozhodovaním o internacionalizácii a štruktúrou trhu. Príklad Japonska.

Gespeichert in:
Bibliographische Detailangaben
1. Verfasser: Buckley, P.J
Format: Buchkapitel
Sprache:Englisch
Schlagworte:
Tags: Tag hinzufügen
Keine Tags, Fügen Sie das erste Tag hinzu!

MARC

LEADER 00000naa a2200000 4500
001 r008562
005 20221130103236.0
041 0 |a eng 
044 |a JP 
245 1 0 |a Kojima's theory of Japanese foreign direct investment revisited.  |c P.J. Buckley 
520 |a Podstata Kojimovej teórie priamych zahraničných investícií v protiklade s teóriou internacionalizácie trhu a konkurenčným správaním sa monopolných podnikov. Interakcia medzi rozhodovaním o internacionalizácii a štruktúrou trhu. Príklad Japonska. 
610 2 0 |a investície zahraničné 
610 2 0 |a teórie ekonomické 
610 2 0 |a Kojima, K. 
610 2 0 |a internacionalizácia ekonomiky 
610 2 0 |a trh 
610 2 0 |a konkurencia 
610 2 0 |a správanie 
610 2 0 |a rozhodovanie 
610 2 0 |a Japonsko 
100 1 |a Buckley, P.J.